000 00457nam a22001697a 4500
005 20251108171151.0
008 250721s1984 xx 000 0 ara d
082 1 4 _a500/علم
100 1 _aالكرنز، مهدي
245 1 0 _aالعلم و الحياة /
264 1 _aعمان :
_bدار عمار للنشر و التوزيع،
_c1984.
300 _a230ص
650 1 7 _aالعلم
650 1 7 _aالحياة
942 _2ddc
_cBK
999 _c58331
_d58331